Inventario del Archivo Parroquial de San Miguel Arcángel Temascalcingo, Estado de México. Diócesis de Atlacomulco

Detalles Bibliográficos
Autor principal: Torres Rosas, Víctor Aarón
Formato: Libro
Lenguaje:English
Publicado: México 2018
Serie editorial:Inventarios civiles y eclesiásticos
Colección:Publicaciones Adabi
Notas:Los documentos históricos del Archivo Parroquial de San Miguel Arcángel Temascalcingo van de 1602 a 1904. El libro más antiguo del fondo parroquial pertenece a la Cofradía de la Inmaculada Concepción de María, fundada por el dueño de la Hacienda de Solís. En la Serie Edictos se resguardan dos edictos de libros prohibido (1772 y 1775). Es de peculiar interés la Serie Testamentos, que contiene testamentos donde dan fe diferentes curas de 1723-1825. La mayoría de los testamentos son de españoles o mestizos y testaban solares, casas, recuas, carretas, animales y dinero.
Acceso en línea:
LEADER 01236nam a22001697a 4500
003 MARCcodeORG
005 20250612063340.0
008 200206b xxu||||| |||| 00| 0 eng d
100 |a Torres Rosas, Víctor Aarón 
245 |a Inventario del Archivo Parroquial de San Miguel Arcángel Temascalcingo, Estado de México. Diócesis de Atlacomulco 
260 |a México  |b Adabi de México / Fundación Alfredo Harp Helú  |c 2018 
490 |a Inventarios civiles y eclesiásticos 
500 |a Los documentos históricos del Archivo Parroquial de San Miguel Arcángel Temascalcingo van de 1602 a 1904. El libro más antiguo del fondo parroquial pertenece a la Cofradía de la Inmaculada Concepción de María, fundada por el dueño de la Hacienda de Solís. En la Serie Edictos se resguardan dos edictos de libros prohibido (1772 y 1775). Es de peculiar interés la Serie Testamentos, que contiene testamentos donde dan fe diferentes curas de 1723-1825. La mayoría de los testamentos son de españoles o mestizos y testaban solares, casas, recuas, carretas, animales y dinero. 
856 |u https://file.adabi.org.mx/recursos/publicaciones/inventarios/eclesiasticos/368.pdf 
942 |c ADABIPUB 
943 |g Publicaciones Adabi 
999 |c 1198804  |d 1198804